The Best Airlines in North America 2025 - Statistics

General Stats
  • This quiz has been taken 93 times
  • The average score is 6 of 10
Answer Stats
Rank Airline % Correct
2 Delta Air Lines
99%
4 United Airlines
96%
1 Air Canada
88%
5 jetBlue Airways
74%
6 Alaska Airlines
70%
9 WestJet
52%
3 Porter Airlines
26%
7 Air Transat
21%
10 Allegiant Air
21%
8 Breeze Airways
19%
No matching quizzes found
Score Distribution
Percent of People with Each Score
Percentile by Number Answered
Your Score History
You have not taken this quiz